000 00643nam a2200229Ia 4500
003 OSt
005 20221002050619.0
006 a|||||r|||| 00| 0
007 ta
008 220930b |||||||| |||| 00| 0 eng d
024 _a16707
037 _cReference Collections
040 _aCRL
_cCRL
_beng
041 _2eng
_aeng
082 _aw1(P111),N3, L3(RR)
245 0 _aBlue Book
_b Leaders of the English speaking world 1973-74
260 _aLondon
_bSt. James Press
_c1973
300 _a1586p.
_ccm.
650 _aBIOGRAPHY
942 _hw1(P111),N3, L3(RR)
_cref
_2CC
999 _c915021
_d915021